000 00309nam a2200145Ia 4500
008 230917s9999||||xx |||||||||||||| ||und||
040 _e149578
_aMAIN
041 _aEnglish
082 _a780.5 S58S
100 _aGarg, Prabhu lal
245 0 _aSangeet
260 _c1967
300 _a168p p.
942 _cBK
999 _c38501
_d38501